000 01017nas a2200313 4500
001 BR2015006028
003 BR-BrBNA
005 20231205125830.0
007 ta
008 230509b bl.|||p| |||| 00| 00por d
040 _aBR-BrBNA
_bpor
_cBiblioteca Nacional de Agricultura
041 _a(Pt)
072 _aF07
100 1 _aVitória, E.L. da Vitória
100 1 _aLongui, F.C.
100 1 _aFernandes, H.C.
100 1 _aGuimarães Filho, C.C.
245 1 _aInfluencia do tipo de preparo do solo e velocidade de semeadura em características agronômicas da cultura do milho
650 _aMILHO
650 _aSISTEMA DE CULTIVO
650 _aSEMEADURA
650 _aMANEJO DO SOLO
650 _aFISICA DO SOLO
650 _aANALISE
773 0 _tRevista Agrotecnologia (Brazil)
_xISSN 2179-5959
_g(2011), v. 2(2) p. 44-52
_wBR2015006028
856 4 0 _uhttp://www.revista.ueg.br/index.php/agrotecnologia/article/view/207/199
909 _a202311
_bLúcia
_c55
_dLúcia Elande
942 _2AGRIS
_n0
_cANA
999 _c246408
_d246408